[Event "Gausdal Classic"]
[Site "Gausdal"]
[Date "2004.09.27"]
[Round "5"]
[White "Palo, Davor"]
[Black "Carlsen, Magnus"]
[Result "0-1"]
[WhiteElo "2513"]
[BlackElo "2567"]
[Annotator "Golod,Vitali"]
[PlyCount "120"]
[EventDate "2004.09.23"]
[EventType "tourn"]
[EventRounds "9"]
[EventCountry "NOR"]
[EventCategory "10"]
[SourceTitle "CBM 104"]
[Source "ChessBase"]
[SourceDate "2005.01.27"]
[SourceVersion "1"]
[SourceVersionDate "2005.01.27"]
[SourceQuality "1"]

1. d4 Nf6 2. c4 e6 3. Nc3 Bb4 4. Qc2 O-O 5. a3 Bxc3+ 6. Qxc3 b6 7. Bg5 Bb7 8. Nf3 d6 9. Nd2 Nbd7 10. f3 c5 $5 {Besides Black has two alternatives:} (10... d5 $5 {You can see my annotations to game: Kasparov,G-Karpov,A/Frankfurt,1999/CBM 72(½-½)(49)}) (10... h6 $5 {You can see my comments to Shchekachev,A-Bagheri,A/Paris,2003/CBM 99(1-0)(38)}) 11. e4 {White had no other worthy alternative.} Re8 ({After:} 11... cxd4 12. Qxd4 Qc7 {you can find three games in Mega DataBase 2004}) ({On:} 11... h6 $5 {I have found three games in my database.For an example we shall consider latest of them:} 12. Bh4 cxd4 13. Qxd4 Qe7 14. Be2 Rfd8 15. O-O Rac8 16. Rfd1 e5 17. Qf2 Nf8 18. Nf1 Ng6 19. Bg3 Nh5 20. Ne3 Nxg3 21. hxg3 {/= Gustafsson,J-Vescovi,G/playchess.com INT,2004(1-0)(64)}) 12. Bd3 ({Also four times were checked up in previous games:} 12. Be2 $5) 12... cxd4 $1 $146 {An interesting attempt of improvement black's play.} ({The games,which have reached this position were continued as follows:} 12... Qc7 $5 {For further details,you can see comments to Dautov,R-Epishin,V/Port Erin,2002/CBM 91(½-½)(Dautov,R)(67)}) ({and} 12... e5 13. d5 $2 (13. dxe5 $5 dxe5 14. O-O $14) 13... Nf8 $6 (13... Nxd5 $1 14. Bxd8 Nxc3 15. Bc7 Na4 $36) 14. Qc2 Bc8 15. Nb1 h6 16. Be3 Nh5 17. g3 $14 {Rogozenko,D-Wells,P/Germany,1998/GER-chT(½-½)(65)}) (12... h6 $6 {Dautov,R} 13. Bh4 Qc7 14. O-O cxd4 15. Qxd4 Qc5 16. Qf2 $14) 13. Qxd4 $140 Nc5 14. Bc2 ({It deserves more attention:} 14. O-O e5 15. Qe3 h6 16. Bxf6 (16. Bh4 $143 Ng4) 16... Qxf6 17. b4 Ne6 18. Nb3 Nf4 19. Rfd1 $11) 14... e5 $1 {The game of Black corresponds to the requirements of a position. I am sure, that Magnus expected for this move, when he made 12...cxd4.} 15. Qf2 (15. Qe3 h6 16. Bxf6 (16. Bh4 $2 Ng4 $1 $17) 16... Qxf6 17. O-O {but hardly the position of whie's bishop on a point " c2" is better than on point "d3" in the previous variation.}) 15... Ng4 $146 ({RR} 15... Ne6 16. Be3 Rc8 17. O-O Nd7 18. Rfd1 Qe7 19. a4 a5 20. b3 Ndc5 21. Nb1 Bc6 22. Nc3 Red8 23. Rd2 Ra8 24. Rad1 Rac8 25. Qg3 Rc7 26. Qg4 Rcd7 27. h4 Kh8 28. Nd5 Bxd5 29. exd5 Nf8 30. h5 {Narciso Dublan,M (2544)-Kunte,A (2528) Barcelona 2011 ½-½ (68)}) ({RR} 15... a5 16. O-O a4 17. Rad1 h6 18. Bh4 g5 19. Bg3 Ba6 20. Rfe1 Qe7 21. Nf1 Bxc4 22. Ne3 Be6 23. Qd2 Red8 24. Qb4 Nh5 25. Bf2 Nf4 26. Rd2 Nb3 27. Bxb3 axb3 28. Red1 b5 29. Qxb5 Qc7 30. g3 {Nielsen,P (2662)-Rozentalis,E (2577) Sweden 2012 ½-½ (45)}) 16. Bxd8 {White has selected the most irresolute continuation.} (16. Qh4 $142 f6 17. Qxg4 fxg5 18. h4 gxh4 19. Qxh4 Qxh4+ 20. Rxh4) 16... Nxf2 17. Kxf2 Rexd8 $11 {The position has become simpler, and now with such structure of the pawns, White can not receive,even the minimal positional advantage.} 18. b4 Ne6 19. Rhc1 (19. Nb3 $5 {d3,fc1} Rac8 20. Bd3 Nf4 21. Bf1 $11 {g3}) 19... Kf8 {Black remember,that  is very important piece in the endgame!} 20. Nb3 Ke7 21. Bd3 {All the same white's bishop is transferred on a6-f1.} Bc6 22. a4 $6 {[%mdl 16384] It's very careless easing of point "b4". Now considerably wins in force the following move of Black.} a5 $1 23. bxa5 $140 Nc5 $1 {Probably, White have missed this beautiful resource,because only hoped on:} (23... bxa5 $2 24. c5 dxc5 25. Nxc5 Nxc5 (25... Nf4 26. Bf1 Rd2+ 27. Ke3 Rad8 28. g3 Ng2+ 29. Bxg2 Rxg2 30. Nb3 {[%csl Ra5,Rc6]}) 26. Rxc5 Rxd3 27. Rxc6 Rd2+ 28. Kg3 $11) 24. Bc2 ({I can not recommended in this position:} 24. Nxc5 $6 dxc5 (24... bxc5 $143 25. Bc2 Rxa5 26. Rcb1 Rda8 27. Ra3 $15) 25. Ke3 (25. axb6 $2 Rxd3 26. a5 Rd2+ 27. Kg3 Ra6 28. Rcb1 Bb7 $17) 25... Rxa5 {with obvious positional advantage of Black.}) 24... bxa5 $15 25. Rcb1 Kd7 $1 {With the idea c7,by covering of a point "b6".} 26. Nxc5+ dxc5 27. Rd1+ Kc7 28. Rxd8 Rxd8 29. Ke3 ({It was badly:} 29. Rd1 $2 {in view of:} Rb8 {b (×b2; a4)}) 29... Rd4 30. Bd3 Bd7 31. Rb1 $6 {[%mdl 16384] Davor Palo made this move in the most improper moment.} (31. Ra2 $5) (31. g4 $5 {(×f5)}) (31. h4 $5) 31... f5 $1 {Magnus opens the second front and begins to create to the contender of weakness on the king side.} (31... Bxa4 $2 32. Ra1 Bb3 33. Rxa5 Kd6 34. Ra6+ $11) 32. Rc1 (32. exf5 $4 Rxd3+ 33. Kxd3 Bxf5+) ({Hardly it was better:} 32. g3 {in view of:} g5 {f4.}) 32... f4+ 33. Ke2 Rd6 {Black's rook has finished the his mission on a point "d4".} 34. Rb1 Rh6 $1 35. h3 {Now White have lost a counterplay connected with progress "g3".} (35. Rh1 $143 Bxa4 36. Ra1 Bc6 37. Rxa5 Kb6 $17 {[%csl Ra5,Rh2][%cal Gh6h2,Gb6a5]}) 35... Rg6 36. Kf2 Rd6 37. Ke2 g5 $17 {Has come is time of pawns attack on the king side.} 38. Bc2 h5 39. Rd1 Rd4 40. Bd3 (40. Rxd4 $2 cxd4 {[%csl Ra4,Rc4,Rf3,Rg2,Rh3][%cal Gc7b6,Gb6c5,Gg5g4]}) 40... Rd6 41. Bc2 Rd4 {Sometimes it is desirable to repeat the moves.} 42. Bd3 Bc6 43. Rg1 Rd8 {Black provokes movements of g2 with the purpose to create of weakness in camp of the contender:} 44. g3 Rg8 $1 45. gxf4 (45. g4 hxg4 46. hxg4 Rb8 $1 {b ;קa4,f3}) 45... exf4 {[%cal Gc7d6,Gd6e5]} 46. e5 {It's necessary to open a b1-h7.} Bd7 47. Bh7 (47. h4 g4 $17) (47. Rh1 $2 Re8 $19) 47... Rg7 48. Be4 Bxh3 49. Rh1 g4 {g3 It's the most logical reaction to the previous move of White.} (49... Be6 $143 50. Rxh5 Bxc4+ 51. Kd2 Bb3 52. Rh6 Bxa4 53. Ra6 $44) 50. Rb1 Rg5 51. Rb7+ (51. e6 $143 g3 52. Rb7+ Kd6 53. e7 Bd7 $19) 51... Kd8 52. e6 Re5 53. Rf7 g3 $19 {g3 easily decide a game!} 54. Rxf4 Rg5 55. Bd5 Bxe6 $5 ({Immediately wins the game the following move:} 55... g2 $1 56. Rf8+ Ke7 (56... Kc7 $5) 57. Rf7+ Kd6 58. Rd7+ (58. f4 {d7#} Bxe6 $1 $19) 58... Ke5 59. f4+ Kxf4 60. Rf7+ Ke5 61. e7 Bd7 $19) 56. Kf1 (56. Bxe6 $2 g2 {[%cal Gg2g1]}) 56... Bxd5 57. cxd5 Rxd5 58. Kg2 Rd4 59. Rf5 h4 60. Kh3 (60. Rxc5 $143 Rd2+ 61. Kg1 (61. Kh3 Rh2+ 62. Kg4 g2 63. Rc1 Rh1) 61... h3 $19) 60... c4 (60... c4 {After this move White resigns, because of these variations:} 61. Rxa5 c3 62. Rc5 Rd2 63. Rxc3 (63. Kxh4 g2 64. Rg5 c2) 63... Rh2+ 64. Kg4 g2 65. Rc1 Rh1) 0-1

[Event "Biel GM"]
[Site "Biel"]
[Date "2005.07.24"]
[Round "7"]
[White "Pelletier, Yannick"]
[Black "Carlsen, Magnus"]
[Result "1-0"]
[WhiteElo "2603"]
[BlackElo "2528"]
[Annotator "Pelletier,Yannick"]
[PlyCount "29"]
[EventDate "2005.07.17"]
[EventType "tourn"]
[EventRounds "10"]
[EventCountry "SUI"]
[EventCategory "16"]
[SourceTitle "CBM 108"]
[Source "ChessBase"]
[SourceDate "2005.09.26"]
[SourceVersion "1"]
[SourceVersionDate "2005.09.26"]
[SourceQuality "1"]

1. d4 Nf6 2. c4 e6 3. Nc3 Bb4 4. Qc2 d5 5. cxd5 c5 6. dxc5 $5 (6. dxc6 Qxd4 7. cxb7 Bxb7 $44) (6. Bg5 {- Bareev-Topalov, Monaco blind 2005}) 6... Nxd5 (6... Qxd5 7. a3 {kostet einen Bauern.}) (6... exd5 {könnte wohl in die Variante 5...ed5 6.g5 c5 7.dxc5 übergehen, außer Weiß findet nun etwas Klügeres als 7.g5.}) 7. Bd2 Bxc5 8. Nxd5 Qxd5 9. e4 $146 ({RR} 9. Rc1 Nd7 10. b4 Bb6 11. e4 Qh5 12. Nf3 O-O 13. Be2 Nf6 14. Ng5 Ng4 15. Rf1 h6 16. h3 hxg5 17. hxg4 Qh2 18. Bxg5 Bd7 19. Qd3 Bc6 20. Qh3 Qxh3 21. gxh3 Bxe4 22. f3 Bd5 23. Bc4 Bxc4 {L'Ami,E (2516)-Carlsen,M (2581) Schagen 2005 1-0 (78)}) 9... Qd4 $6 ({Die Dame ist hier exponiert. Besser sind} 9... Qd6 10. Rc1 (10. Nf3) 10... Nd7 11. Nf3 O-O 12. e5 Qb6 (12... Qe7 13. Bd3 h6 14. a3 a5 15. O-O $36) 13. Bc3 $14 {und}) (9... Qc6 10. Rc1 Be7 11. Qd3 (11. Bc3 O-O 12. Nf3 $14) 11... Qd7 12. Qg3 O-O 13. Nf3 $36 {, auch wenn Weiß in beiden Fällen besseres Spiel behält.}) 10. O-O-O (10. Bc3 Bb4 $11) 10... Nd7 (10... Qxf2 $2 11. Nh3 Qd4 12. Bg5) 11. Bb5 ({Auch} 11. f4 $5 {sieht interessant aus:} O-O (11... Be7 12. Nf3 $36) 12. Nf3 Qf2 $5 13. Kb1 $36) 11... O-O $4 {[%mdl 8192]} ({Ein böser Fehler. Die Alternativen zeigen aber, dass Schwarz bereits kein leichtes Leben hat:} 11... a6 12. Be3 Qe5 13. Bxc5 $1 (13. Bxd7+ Bxd7 14. Bxc5 Rc8 15. b4 b6) 13... Qg5+ 14. Kb1 axb5 15. Bb4 Qxg2 16. Ne2 Qxf2 17. Rd3 $16) (11... Qe5 12. Nf3 Qc7 13. Kb1 $5 (13. b4 Bd6 14. Qxc7 Bxc7) 13... a6 14. Bxd7+ Bxd7 15. Rc1 Rc8 16. Be3 Bd6 17. Qd3 Bc6 18. Nd4 O-O 19. Nxc6 bxc6 20. Qxa6 $16) (11... Qd6 $142 12. Bc3 (12. Nf3 Qb6) 12... Qe7 13. Nf3 (13. Qa4 a6 14. Nf3 Rb8) 13... O-O (13... a6 14. Bxd7+ Bxd7 15. Bxg7 Rg8 16. Bc3 $36) 14. e5 $36) 12. Bc3 Qxf2 13. Qxf2 Bxf2 14. Bxd7 Be3+ 15. Kc2 1-0

[Event "Candidates Tournament"]
[Site "London"]
[Date "2013.03.31"]
[Round "13"]
[White "Radjabov, Teimour"]
[Black "Carlsen, Magnus"]
[Result "0-1"]
[WhiteElo "2793"]
[BlackElo "2872"]
[Annotator "Krasenkow,Michal"]
[PlyCount "178"]
[EventDate "2013.03.15"]
[EventType "tourn"]
[EventRounds "14"]
[EventCountry "ENG"]
[EventCategory "22"]
[SourceTitle "CBM 154"]
[Source "ChessBase"]
[SourceDate "2013.05.15"]
[SourceVersion "1"]
[SourceVersionDate "2013.05.15"]
[SourceQuality "1"]

1. d4 Nf6 2. c4 e6 3. Nc3 Bb4 4. Qc2 d6 5. Nf3 Nbd7 6. g3 {A rare plan in the 4.c2 system.} O-O 7. Bg2 e5 8. O-O (8. dxe5 Nxe5 9. Nxe5 dxe5 10. O-O c6 11. Rd1 Qe7 12. Bg5 h6 13. Bxf6 Qxf6 14. Ne4 Qe7 15. c5 Bf5 16. Rd6 Bxe4 17. Bxe4 Rfd8 18. Rad1 $14 {1-0 (59) Rajlich,I (2399)-Lomineishvili,M (2437) St Petersburg 2009}) 8... c6 (8... exd4 9. Nxd4 c6 10. a3 Bc5 11. Rd1 Ne5 12. Na4 Qe7 13. Nxc5 dxc5 {1/2 (46) Foisor,O (2495)-Hergott,D (2320) Saint John 1988} 14. Nf3 $14) 9. Rd1 Re8 (9... Qe7 $5 {is probably more accurate} 10. dxe5 $140 Nxe5) 10. dxe5 $1 {Otherwise 10...e4.} (10. Bg5 Bxc3 11. Qxc3 e4 12. Ne1 h6 13. Bf4 Nf8 14. Nc2 Ng6 15. Be3 d5 16. b3 Be6 17. h3 Qd7 18. Kh2 h5 $36 {0-1 (43) Vitiugov,N (2594)-Tomashevsky,E (2646) Moscow 2007}) 10... dxe5 11. a3 (11. Ng5 h6 12. Nge4 {is positionally wrong: White should not trade knights as Black's minor pieces get in each other's way.} Qc7 13. a3 Bf8 14. b4 Nxe4 15. Nxe4 f5 16. Nd2 Nf6 17. e4 a5 18. Rb1 axb4 19. axb4 Qf7 $132 {0-1 (46) Paulsen,D (2240)-Kuzmin,G (2545) Dortmund 1981}) 11... Bxc3 (11... Bf8 {deprives Black's d7-knight of a comfortable square.} 12. b4 a5 13. Rb1 $14) 12. Qxc3 Qe7 13. b4 $146 {A courageous move, active but weakening the c4-pawn (square).} ({RR} 13. Nh4 Nb6 14. b3 Bg4 15. h3 Bxe2 16. Re1 Bh5 17. f4 Nfd7 18. Bb2 f6 19. Kh1 Qc5 20. g4 Bf7 21. f5 Qf2 22. Nf3 Nc5 23. Nxe5 Nca4 24. bxa4 Nxa4 25. Nd3 Qg3 26. Qb4 Qxd3 27. Qxa4 Bxc4 {Shishkin,V (2509)-Franzen,J (2299) Police 2013 1-0 (35)}) 13... Nb6 14. Be3 $6 (14. a4 $5 e4 $140 15. Ng5 h6 16. a5 Nbd7 17. Nh3 $14) 14... Ng4 15. Nd2 ({It is hard to say whether White missed} 15. Bc5 $2 Na4 $1 {or simply made a mistake in evaluation but after the exchange of his important dark-squared bishop the position roughly equalises.}) 15... f5 16. h3 Nxe3 17. Qxe3 e4 (17... Qf7 $5 18. Rac1 Be6) 18. Rac1 $6 (18. c5 Nd5 19. Qd4 {[%cal Yd2c4,Yc4d6]} b5 $5 {leads to complex play. After the passive text move Black seizes the initiative.}) 18... Be6 19. Qc3 (19. c5 Nd5 20. Qd4 Rad8 21. Qe5 Nc7 $1 {, and White's knight can't get to c4 anymore.}) (19. f3 exf3 20. exf3 {(S.Zagrebelny) is hardly enough: after} Qf6 21. Bf1 Bf7 22. Qf2 Na4 {White's position is very unpleasant.}) 19... Rad8 20. Bf1 (20. c5 Nd5 21. Qe5 {was relatively better after all.}) 20... c5 $6 {Black fails to demonstrate prophylactic thinking (how to anticipate White's idea 21.e3 ?) and misses a strong resource:} (20... Bf7 $1 21. e3 {(what else?)} Bh5 22. Re1 Nd7 $17 {[%cal Yd7e5] (indicated by S.Zagrebelny and other commentators)}) 21. bxc5 Na4 22. Qb4 Nxc5 23. Nb3 {After this the position nearly equalises.} Rxd1 24. Rxd1 Na6 (24... Nxb3 25. Qxb3 Rc8 26. e3 {is hardly enough, too.}) 25. Qxe7 Rxe7 26. e3 Kf7 27. Be2 b6 28. Rd8 Nc5 29. Nd4 (29. Nxc5 bxc5 30. Rb8 {was good enough. But after the text move White obtains a strong outpost on d4, compensating for Black's c5 stronghold.}) 29... Kf6 30. Kf1 Rd7 31. Rf8+ Bf7 32. Ke1 g6 33. h4 h6 34. Rc8 Be6 35. Rf8+ Rf7 36. Rh8 Rc7 37. Nb5 Rd7 38. Nd4 h5 {Otherwise h4-h5 could be an issue.} 39. Rf8+ Bf7 40. Rc8 Ke5 41. Ra8 a6 42. Rc8 Rd6 43. Nc6+ Kf6 44. Nd4 Be6 45. Rf8+ Ke7 46. Ra8 Rd7 47. Rb8 (47. Kd2 {was simpler.}) 47... Rb7 48. Rxb7+ {Why? White's rook was more active, and Black couldn't make any progress. The minor piece endgame should also be drawn but it requires accuracy from White as Black has ways to improve his position.} Nxb7 {[%mdl 4096]} 49. Kd2 Kd6 50. Kc3 Bf7 51. Nb3 Ke5 52. Bf1 a5 53. Be2 Be6 54. Bf1 Bd7 55. Be2 Ba4 56. Nd4 Nc5 57. Kb2 Be8 58. Kc3 Bf7 59. Nc6+ Kd6 60. Nd4 Nd7 {Black finds a plan: ...e5, c5 and ...a4 with a semblance of zugzwang.} 61. Nb5+ Kc5 62. Nd4 Ne5 63. Nb3+ Kc6 64. a4 $6 {A move, which amazed spectators and commentators. In normal circumstances a strong GM would never make such a move (creating a new serious weakness in his camp) even at gunpoint. GM Teimour Radjabov was probably in extremely bad shape. Meanwhile, the zugzwang was just an illusion; White simply needs to realise that he can play f2-f3 at some point:} (64. Nd4+ Kd6 65. Nb3 a4 66. Nd2 Kc5 {Zugzwang?} 67. f3 $1 (67. Bd1 Ng4 68. Bxa4 Nxf2 {is indeed risky}) 67... exf3 68. Nxf3 Nxf3 (68... Nxc4 69. Bxc4 Bxc4 70. Ne5) 69. Bxf3 Bxc4 {- White loses a pawn but after} 70. e4 Be6 71. exf5 Bxf5 72. Bg2 {Black can never break through.}) (64. Kd4 Kd6 65. Nd2 Nc6+ 66. Kc3 {[%cal Yf2f3] was possible, too.}) 64... Kd7 65. Nd4 Kd6 66. Nb5+ Kc5 67. Nd4 Be8 68. Nb3+ (68. Kb3 Bd7 {This is indeed zugzwang!} 69. f3 (69. Bf1 Ng4) (69. Nc2 Nd3) 69... exf3 70. Nxf3 Ng4 $19 {is now a completely different story!}) 68... Kd6 69. c5+ Kc7 $1 (69... bxc5 70. Nxa5 Bxa4 71. Nc4+ {is a draw.}) 70. Kd4 Nc6+ 71. Kc3 Ne7 $1 72. cxb6+ Kxb6 73. Nd2 Bxa4 74. Nc4+ Ka6 $1 75. Na3+ Kb7 76. Nc4 Ka6 77. Na3+ Ka7 $1 {Black holds his extra pawn and gets fair winning chances.} 78. Kd4 (78. Nc4 Bb5) 78... Nc6+ 79. Kc5 Ne5 (79... Nb4 $5 80. Nb5+ Kb7 81. Nc3 Bb3) 80. Nc4 $2 {Probably the decisive mistake.} (80. Kd4 $1 {was the right way although even after} Nd3 {(recommended by Alexey Dreev during a live broadcast)} (80... Nc6+ 81. Kc5 Nb4 {is possible, too}) 81. Bxd3 exd3 82. Kxd3 Bb3 {we can't assume it is a clear draw.}) 80... Nd3+ 81. Kd4 ({Now} 81. Bxd3 exd3 82. Kd4 Bc2 83. Kc3 a4 {is hardly enough for a draw - both White's pieces are paralysed, and Black's king goes forward.}) 81... Nc1 $1 ({White probably expected something like} 81... Nxf2 82. Nxa5 Nh1 83. Ke5 Nxg3 84. Bc4 Kb6 85. Nb3 {with good chances to recapture one of Black's pawns and survive}) 82. Bf1 Bb5 83. Nxa5 $2 {Desperation under time pressure.} (83. Kc3 a4 84. Kb2 Nd3+ (84... Nb3 $5) 85. Bxd3 exd3 86. Nd2 Kb6 {leads to a setup mentioned in the comment to White's 81st move.}) 83... Bxf1 84. Nc6+ Kb6 85. Ne7 Nd3 86. Nxg6 Kc7 87. Ne7 Bh3 88. Nd5+ Kd6 89. Nf6 Bg4 0-1

[Event "Corus-B"]
[Site "Wijk aan Zee"]
[Date "2005.01.15"]
[Round "1"]
[White "Ramirez Alvarez, Alejandro"]
[Black "Carlsen, Magnus"]
[Result "1/2-1/2"]
[WhiteElo "2507"]
[BlackElo "2553"]
[PlyCount "79"]
[EventDate "2005.01.15"]
[EventType "tourn"]
[EventRounds "13"]
[EventCountry "NED"]
[EventCategory "13"]
[SourceTitle "CBM 105"]
[Source "ChessBase"]
[SourceDate "2005.04.11"]
[SourceVersion "1"]
[SourceVersionDate "2005.04.11"]
[SourceQuality "1"]

1. c4 Nf6 2. Nc3 e6 3. d4 Bb4 4. e3 O-O 5. Bd3 d5 6. Nf3 c5 7. O-O dxc4 8. Bxc4 Nbd7 9. Qb3 Qe7 10. Rd1 Nb6 11. Be2 cxd4 12. exd4 Bd7 13. Ne5 Rac8 14. Bg5 $146 ({RR} 14. Nxd7 Nfxd7 15. Bf3 Nb8 16. Bxb7 Qxb7 17. Qxb4 Rfd8 18. Be3 Nc6 19. Qb5 a6 20. Qe2 Nd5 21. Rac1 h6 22. Ne4 Nce7 23. Rxc8 Qxc8 24. Rc1 Qa8 25. Nc5 Nf5 26. Qxa6 Qxa6 27. Nxa6 Ra8 28. Nc7 Nxc7 {Larsen,B-Andersson,U Stockholm 1975 0-1 (31)}) 14... Bxc3 15. Bxf6 Qxf6 16. Nxd7 Nxd7 17. bxc3 Rc7 18. Qa3 b6 19. Qd6 Qd8 20. c4 Nf6 21. Qf4 Rd7 22. a4 Qb8 23. Qe3 Rfd8 24. a5 h6 25. h3 Qc7 26. axb6 axb6 27. Rac1 Rd6 28. Bf3 Qa7 29. Qc3 Rc8 30. Qb4 Rcd8 31. c5 bxc5 32. dxc5 Rxd1+ 33. Bxd1 Nd5 34. Qc4 Qa3 35. Bf3 Rc8 36. Rc2 Qa1+ 37. Kh2 Qe5+ 38. g3 g6 39. Re2 Qf5 40. Bxd5 1/2-1/2

[Event "Airthings Masters Div 1 W"]
[Site "chess.com INT"]
[Date "2023.02.06"]
[Round "1.2"]
[White "Sarana, A.."]
[Black "Carlsen, M.."]
[Result "0-1"]
[WhiteElo "2668"]
[BlackElo "2852"]
[PlyCount "120"]
[EventDate "2023.02.06"]

1. d4 {Yu,Yangyi} Nf6 2. c4 e6 3. Nc3 Bb4 4. e3 O-O 5. Bd3 c5 6. Nge2 d5 7. a3 cxd4 8. axb4 dxc3 9. Nxc3 Nc6 ({RR} 9... dxc4 10. Bxc4 Qxd1+ 11. Kxd1 Nc6 12. b5) 10. b5 Ne5 11. c5 Nxd3+ ({RR} 11... Bd7 12. Be2) 12. Qxd3 e5 ({RR} 12... Bd7 13. f3 ({RR} 13. O-O Ne4 14. Nxe4 dxe4 15. Qc4 Qe8)) 13. O-O d4 $146 ({RR} 13... Be6 14. Rd1 Qd7 15. b4 Rfd8 16. Bb2 d4 17. exd4 Bf5 18. Qg3 exd4 19. Ne2 Ne4 20. Qe5 f6 21. Qf4 d3 22. Nd4 Bg6 23. h4 Qd5 24. f3 Qc4 25. c6 bxc6 26. Nxc6 Nd6 27. Qg3 Rd7 28. h5 {Bronstein,O (2459)-Koch,T (2426) Dusseldorf GER 2023 ½-½ (63)}) ({RR} 13... Bg4 14. f3 Bh5 ({RR} 14... e4 15. Qd4 exf3 16. gxf3 Bh3 17. Rf2 Re8 18. Bd2) ({RR} 14... Be6 15. Rd1) 15. e4 Qc8 ({RR} 15... dxe4 16. Qxd8 Rfxd8 17. fxe4 Rd3 ({RR} 17... Rd4 18. Be3 Rc4 19. Nd5 Nxe4 20. Nb6) 18. Bg5 ({RR} 18. Re1) 18... Ne8 19. Bh4 f6 20. Bf2) ({RR} 15... d4 16. Ne2 Nd7 17. b4 f6 ({RR} 17... Qc8 18. Ng3 Bg6 19. f4 f6 20. Nf5) 18. Ng3 Bf7 ({RR} 18... Bg6 19. Bd2) 19. Nf5) 16. Nxd5 Qxc5+ 17. Be3 Qd6 18. Nxf6+ Qxf6 19. Qd7 Qd8 20. Qxb7 Rb8 21. Qxa7 Rxb5 22. b4 Qb8 23. Bc5 Rd8 24. Qxb8 Rbxb8 25. Rfb1 f6 ({RR} 25... Rb5 26. Ra5 Rdb8 27. Rba1) 26. b5 Be8 27. b6 Rd7 28. Rc1 {Yu,Y (2761)-Ismagambetov,A (2545) Astana 2019 CBM 189 [Yu,Yangyi] 1-0 (34)}) ({RR} 13... Be6 14. Rd1) ({RR} 13... Be6 14. Rd1 Qc7 15. b4 Rfd8 16. Ne2 Bg4 17. Bb2 h6 18. Qc2 Re8 19. f3 Bh5 20. Ng3 Bg6 21. Qc3 h5 22. h4 d4 23. Qe1 dxe3 24. Qxe3 e4 25. f4 Ng4 26. Qc3 f6 27. Rd6 Rad8 28. Rad1 {Sarana,A (2672)-Kavri,Y (2142) chess.com INT 2025 1-0 (75)}) 14. exd4 Qxd4 15. Qe3 Rd8 16. Ra4 Qxe3 17. Bxe3 a6 18. Rfa1 Nd5 19. Ne4 Rb8 20. Nd6 Bd7 21. bxa6 Bxa4 22. a7 Ra8 23. Rxa4 Ne7 24. g4 Nc6 25. Nb5 Rd3 26. b4 Rb3 27. Bd2 Rb2 28. Bc3 Rb1+ 29. Kg2 f6 30. Ra2 Rb3 31. h4 h5 32. gxh5 Kh7 33. Bd2 f5 34. Bc3 Kh6 35. Rd2 Nxa7 36. Nc7 Rg8 37. Bxe5 Rxb4 38. Kg3 Rg4+ 39. Kh3 Kxh5 40. Bg3 f4 41. Rd5+ g5 42. Bh2 Rxh4+ 43. Kg2 Nc6 44. Ne6 f3+ 45. Kg1 Re4 46. Nf4+ Kg4 47. Nd3 Nb4 48. Ne5+ Kf5 49. Rd1 Rxe5 50. Bxe5 Kxe5 51. Rb1 Nd3 52. Rxb7 Nxc5 53. Rf7 g4 54. Kh2 Ne4 55. Re7+ Kf4 56. Rf7+ Kg5 57. Re7 Nxf2 58. Kg3 Nh1+ 59. Kh2 Rh8+ 60. Kg1 Kf4 0-1